Science Quiz

Random Science Quiz
Score 0/9 Timer 01:30
0 Plays Today
% Correct
Dihydrogen Monoxide
95.7%
Mercury
93.5%
Sodium Chloride
91.3%
Calcium Carbonate
87%
Carbon
87%
Sulphur
82.6%
Potassium Nitrate
80.4%
Aluminium
76.1%
Silica
56.5%
Remove Ads.
Support Sporcle.
Get the best of Sporcle when you Go Orange. This ad-free experience offers more features, more stats, and more fun while also helping to support Sporcle. Thank you for becoming a member.

You're not logged in!

Compare scores with friends on all Sporcle quizzes.
OR
Log In

Show Comments

Extras

Top Quizzes Today


Score Distribution

Your Account Isn't Verified!

In order to create a playlist on Sporcle, you need to verify the email address you used during registration. Go to your Sporcle Settings to finish the process.

Report this User

Report this user for behavior that violates our Community Guidelines.

Details: